Generely závodov a pracovísk v tvorbe pracovného prostredia : Faktory plošného a priestorového usporiadania. Textová časť /

Salvato in:
Dettagli Bibliografici
Autore principale: Šimko, Ivan (Autore)
Natura: Manoscritto Libro
Lingua:slovacco
Pubblicazione: Bratislava : september 1974
Soggetti:
Tags: Aggiungi Tag
Nessun Tag, puoi essere il primo ad aggiungerne!!

MARC

LEADER 00000ntm a22000003a 4500
001 0112420
003 SK-STU
005 20241121105423.4
007 ta
008 241119s2024----xo-----f-mn---000-0-slo-d
040 |a STU  |b slo 
041 0 |a slo 
044 |a xo  |c SK 
100 1 |a Šimko, Ivan  |4 aut 
245 1 0 |a Generely závodov a pracovísk v tvorbe pracovného prostredia :  |b Faktory plošného a priestorového usporiadania. Textová časť /  |c aut. Ivan Šimko 
260 |a Bratislava :  |c september 1974 
300 |a 178 s. 
650 0 7 |a priemyselné stavby 
650 0 7 |a výstavba 
650 0 7 |a dispozícia 
650 0 7 |a interiér 
650 0 7 |a lokalita 
650 0 7 |a optimálne pracovné prostredie 
650 0 7 |a urbanistické navrhovanie 
996 |b 284AU10037  |c A* 24/V  |l AAKNST  |s P  |a 0  |w 0112420_0001